<?xml version="1.0" encoding="UTF-8"?><?xml-stylesheet type="text/xsl" href="static/style.xsl"?><OAI-PMH xmlns="http://www.openarchives.org/OAI/2.0/" xmlns:xsi="http://www.w3.org/2001/XMLSchema-instance" xsi:schemaLocation="http://www.openarchives.org/OAI/2.0/ http://www.openarchives.org/OAI/2.0/OAI-PMH.xsd"><responseDate>2026-06-03T11:44:30Z</responseDate><request verb="GetRecord" identifier="oai:riuma.uma.es:10630/23584" metadataPrefix="marc">https://riuma.uma.es/rest/oai/request</request><GetRecord><record><header><identifier>oai:riuma.uma.es:10630/23584</identifier><datestamp>2026-02-03T12:27:40Z</datestamp><setSpec>com_10630_2254</setSpec><setSpec>col_10630_37959</setSpec></header><metadata><record xmlns="http://www.loc.gov/MARC21/slim" xmlns:dcterms="http://purl.org/dc/terms/" xmlns:doc="http://www.lyncode.com/xoai" xmlns:xsi="http://www.w3.org/2001/XMLSchema-instance" xsi:schemaLocation="http://www.loc.gov/MARC21/slim http://www.loc.gov/standards/marcxml/schema/MARC21slim.xsd">
   <leader>00925njm 22002777a 4500</leader>
   <datafield ind2=" " ind1=" " tag="042">
      <subfield code="a">dc</subfield>
   </datafield>
   <datafield ind2=" " ind1=" " tag="720">
      <subfield code="a">Cuesta-Costa, Marina</subfield>
      <subfield code="e">author</subfield>
   </datafield>
   <datafield ind2=" " ind1=" " tag="720">
      <subfield code="a">Lozano-Castro, Ángeles</subfield>
      <subfield code="e">author</subfield>
   </datafield>
   <datafield ind2=" " ind1=" " tag="720">
      <subfield code="a">Aranda-Garrido, María Lourdes</subfield>
      <subfield code="e">author</subfield>
   </datafield>
   <datafield ind2=" " ind1=" " tag="260">
      <subfield code="c">2021-12-13</subfield>
   </datafield>
   <datafield ind2=" " ind1=" " tag="520">
      <subfield code="a">Según Parellada y Traveset (2016), los principios de la pedagogía sistémica multidimensional contribuyen con la humanización de la educación: Escuela como espacio de convivencia positivo, debe ser activa y dinámica; Reto de la educación frente a la propuesta, incluir la multidimensionalidad educativa; Educación en continua adaptación ; Evaluación como proceso de enseñanza&#xd;
Los objetivos de este trabajo fueron: Analizar las características y las necesidades de colectivos específicos y qué variables influyen en esta situación; Identificar los factores de riesgo; Ser consciente y capaz de poder desarrollar herramientas útiles en su futuro laboral centrada en el ámbito de protección de menores.&#xd;
Se utilizó una metodología cuantitativa basada en porcentajes y frecuencias. .Los participantes fueron 29 alumnos y alumnas que cursaban el Módulo de  Contexto de la Intervención Social, del Grado Superior de Integración Social, y el instrumento de recogida de datos fue un cuestionario de respuesta cerrada.&#xd;
 Los resultados muestran que el 63,6% de las respuestas defendían que la comprensión del contenido era algo fácil, frente al 36,4% que respondió que era de muy fácil comprensión, además, el item de si habían echado algo en falta de lo que hemos trabajado el 100% contesto que sí, y también el 100% del alumnado contestó que se podía mejorar la unidad.&#xd;
En conclusión, la educación es la base sobre la que se debe sustentar nuestra prioridad, fomentar redes educativas saludables, que se adapten al proceso social y personal por el que pasemos. Es necesario estar en continuo reciclaje, y deconstrucción, debemos tener en cuenta los cambios que se producen y más cuando trabajamos en formación profesional, ya que este alumnado saldrá al mundo laboral y necesitan tener herramientas y estrategias que les ayuden a enfrentarse al futuro laboral que guiará sus progresos</subfield>
   </datafield>
   <datafield ind1="8" ind2=" " tag="024">
      <subfield code="a">https://hdl.handle.net/10630/23584</subfield>
   </datafield>
   <datafield tag="653" ind2=" " ind1=" ">
      <subfield code="a">Enseñanza - Innovaciones</subfield>
   </datafield>
   <datafield tag="653" ind2=" " ind1=" ">
      <subfield code="a">Evaluación educativa</subfield>
   </datafield>
   <datafield ind2="0" ind1="0" tag="245">
      <subfield code="a">Evaluación de una nueva perspectiva educativa</subfield>
   </datafield>
</record>
</metadata></record></GetRecord></OAI-PMH>